| 000 | 01346nac a2200385 a 4500 | ||
|---|---|---|---|
| 003 | CO-PeBPM | ||
| 005 | 20260423104753.0 | ||
| 007 | ta | ||
| 008 | 260423s1985 ck |||| |||| 00| 0 spa d | ||
| 020 | _aISBN: 8476343418 (V.1) | ||
| 020 | _aISBN: 8476343426 (V.2) | ||
| 040 |
_aCO-PeBPM _bspa _cCO-PeBPM _erda |
||
| 082 | 0 | 4 |
_a185 A716ol _222 |
| 100 | 1 |
_aAristóteles _d384-322 a.C. _eautor |
|
| 245 | 1 | 0 |
_aPolítica _c/ Aristóteles; traducción de Pedro Simón Abril... [y otros tres]; introducción Antonio Alegre Gorri |
| 264 |
_aBarcelona, España _b: Ediciones Orbis _c, 1985 |
||
| 300 |
_a222 páginas _c19 cm. |
||
| 336 |
_2rdacontent _atexto _btxt |
||
| 337 |
_2rdamedia _asin mediación _bn |
||
| 338 |
_2rdacarrier _avolumen _bnc |
||
| 490 |
_aHistoria del Pensamiento _v99, 100 |
||
| 500 | _aIncluyen índice al final del texto | ||
| 650 | 1 | 7 |
_aAristotelismo _2LEMB |
| 650 | 1 | 7 |
_aFilosofía griega _2LEMB |
| 650 | 1 | 7 |
_aFilosofía política _2LEMB |
| 650 | 1 | 7 |
_aDemocracia _2LEMB |
| 650 | 1 | 7 |
_aPolítica _2LEMB |
| 650 | 1 | 7 |
_aFormas de gobierno _2LEMB |
| 700 | 1 |
_aAbril, Pedro Simón _etraducción |
|
| 700 | 1 |
_aAlegre Gorri, Antonio _etraducción |
|
| 700 | 1 |
_aSantolaria Arrontes, Juan _etraducción |
|
| 700 | 1 |
_aLavado Fau, Montserrat _etraducción |
|
| 700 | 1 |
_aAlegre Gorri, Antonio _eintroducción |
|
| 942 |
_2ddc _n0 _cBK |
||
| 999 |
_c107337 _d107337 |
||